Представление документа в формате RUSMARC

ПолеНазваниеЗначение
  Тип записи a
  Библиографический уровень a
001 Контрольный номер RU/CBS_UL/BASE/5f431f78d5cc4810a3a23a245519f138
005 Дата корректировки 20231004165158.6
100 Данные общей обработки __
a Данные общей обработки 20231004 ||| 0rusy0189 ca
101 Язык документа 0_
a Язык текста rus
102 Страна публикации __
a Страна публикации RU
200 Заглавие и сведения об ответственности 1_
a Заглавие 10 заметок о нашем организме
e Сведения, относящиеся к заглавию [тайны нашего организма]
300 Общие примечания __
a Общие примечания 6+
461 Уровень набора _0
1 2000
a Наш Филиппок
463 Уровень физической единицы _0
1 2000
a № 5
v С. 20-21 : ил
1 2101
d 2023
1 001RU/CBS_UL/BASE/3112abac38f8489c9fd0afb20f78e1cb
606 Тематические рубрики 0_
a Основная рубрика Анатомия человека
610 Ключевые слова 0_
a Ключевые слова анатомия человека
610 Ключевые слова 0_
a Ключевые слова организм человека
610 Ключевые слова 0_
a Ключевые слова тело человека
610 Ключевые слова 0_
a Ключевые слова волосы
610 Ключевые слова 0_
a Ключевые слова кости человека
610 Ключевые слова 0_
a Ключевые слова бактерии кишечные
610 Ключевые слова 0_
a Ключевые слова кишечник человека
610 Ключевые слова 0_
a Ключевые слова кровеносные сосуды
610 Ключевые слова 0_
a Ключевые слова мышцы человека
610 Ключевые слова 0_
a Ключевые слова сердечные ритмы
686 Индексы других классификаций __
2 Код системы rubbk
a Классификационный индекс 28.706
801 Источник записи _0
a Страна RU
b Организация МБУК ЦБС г. Ульяновска
c Дата составления 20231004
g Правила каталогизации RCR
801 Источник записи _1
a Страна RU
b Организация МБУК ЦБС г. Ульяновска
c Дата составления 20231004
g Правила каталогизации RCR
901 Тип документа __
t Тип документа b
w Контрольный № источника RU/CBS_UL/BASE/3112abac38f8489c9fd0afb20f78e1cb